02976cam a22003495a 4500999001900000001000900019003000500028005001700033008004100050020001800091020001500109035002400124040004100148042001400189082001200203100003300215245011000248260006700358300003300425504005100458505165500509650004802164650004702212650003902259650005902298650004202357700002602399700002602425906004502451942001202496952011802508 c232873d23287315742666NUST20170224110811.0090518s2008 enka b 001 0 eng d a9781847209740 a1847209742 a(OCoLC)ocn212836647 aBTCTAcBTCTAdYDXCPdBAKERdEGMdDLC alccopycat a363.3251 aRichardson, Harry W.,d1938-14aThe economic costs and consequences of terrorism /cHarry W. Richardson, Peter Gordon, James E. Moore II. aCheltenham, UK ;aNorthampton, MA :bEdward Elgar Pub.,c2008. aix, 350 p. :bill. ;c24 cm. aIncludes bibliographical references and index.0 aTerrorism : considering new policies / Bruno S. Frey and Simon Luechinger -- An empirical analysis of the Terrorism Risk Insurance Act (TRIA) / Howard Kunreuther and Erwann Michel-Kerjan -- Airport security : time for a new model / Robert W. Poole, Jr. -- Cost-effective strategies to address urban terrorism : a risk management approach / Richard G. Little -- Optimal inspection strategies for Coast Guard operations / Niyazi Onur Bakir -- Balancing freedom and security after 9/11 : risk management at National Park Service / Larry Parkinson -- The national economic impacts of a food terrorism event : initial estimates of indirect costs / Thomas F. Stinson -- The economic cost of disasters : permanent or ephemeral? / Matthew P. Drennan -- Analyzing catastrophic terrorist events with applications to the food industry / Hamid Mohtadi and Antu Panini Murshid -- Simulating the state-by-state effects of terrorist attacks on three major US ports : applying NIEMO (National Interstate Economic Model) / Jiyoung Park... [et al.] -- Tourism and terrorism : the national and interregional economic impacts of attacks on major US theme parks / Harry W. Richardson... [et al.] -- Worst case electricity scenarios : the benefits and costs of prevention / Lester B. Lave, Jay Apt and Granger Morgan -- Risk and economic costs of a terrorist attack on the electric system / Rae Zimmerman... [et al.] -- Regional economic impacts of a terrorist attack on the water system of Los Angeles : a computable general disequilibrium analysis / Adam Rose, Gbadebo Oladosu and Shu-Yi Liao -- Two-sided electricity markets : self-healing systems / Richard E. Schuler. 0aTerrorismxEconomic aspectszUnited States. 0aInfrastructure (Economics)zUnited States. 0aElectric utilitieszUnited States. 0aTransportationxEffect of terrorism onzUnited States. 0aTerrorismzUnited StatesxPrevention.1 aGordon, Peter,d1943-1 aMoore, James Elliott. a0bibcccopycatd1encipf20gy-gencatlg 2ddccBK 00102ddc40708NFICaCLbCLcGENd2017-02-24l1o363.325 ECOpS3H-S-340r2018-01-03s2018-01-02w2017-02-24yBK